|
|
|
|
| LEADER |
01165nam a2200313 u 4500 |
| 001 |
10069079 |
| 003 |
upatras |
| 005 |
20231117063235.0 |
| 008 |
090401s2004 us eng |
| 020 |
|
|
|a 0198751516
|
| 040 |
|
|
|a GR-PaULI
|c GR-PaULI
|
| 041 |
0 |
|
|a eng
|
| 082 |
0 |
4 |
|a 190. 090 33
|
| 100 |
1 |
|
|a Zoeller, Guenter
|9 63602
|
| 245 |
1 |
0 |
|a Immanuel Kant
|b prolegomena to any future metaphysics
|c Immanuel Kant; Guenter Zoeller
|
| 260 |
|
|
|a New York
|b Oxford University Press
|c 2004
|
| 300 |
|
|
|a ix, 250 p.
|c 24 cm.
|
| 490 |
0 |
|
|a Oxford Philosophical Texts
|
| 504 |
|
|
|a Includes index
|
| 650 |
|
4 |
|a Μεταφυσική
|9 603
|
| 600 |
1 |
0 |
|a Kant, Immanuel,
|d 1724-1804
|9 4629
|
| 700 |
1 |
|
|a Lucas, Peter G.
|9 63603
|
| 700 |
1 |
|
|a Zoeller, Guenter
|9 63602
|
| 760 |
0 |
|
|a Oxford philosophical texts
|
| 852 |
|
|
|a GR-PaULI
|b ΠΑΤΡΑ
|b ΦΙΛΟΣΟΦΙΑ
|k ΑΣΧΞ-4
|h 190. 090 33 KAN
|m 6093
|p 025000171034
|t 1
|
| 942 |
|
|
|2 ddc
|c BK15
|
| 952 |
|
|
|0 0
|1 0
|4 0
|6 190_000000000000000__090_33_KAN
|7 0
|9 70402
|a PHIL
|b PHIL
|d 2016-04-24
|i 6093
|l 0
|o 190. 090 33 KAN
|p 025000171034
|r 2016-04-24 00:00:00
|t 1
|w 2016-04-24
|y BK15
|
| 998 |
|
|
|c ΠΑΝΑΓΟΠΟΥΛΟΣ
|d 2009-03
|
| 999 |
|
|
|c 45325
|d 45325
|